Countries that Bordered Yugoslavia - Statistics

General Stats
  • This quiz has been taken 2,814 times
    1,947 since last reset
  • The average score is 7 of 7
Answer Stats
Answer % Correct
Greece
97%
Hungary
96%
Romania
96%
Bulgaria
95%
Italy
95%
Albania
94%
Austria
94%
No matching quizzes found
Score Distribution
Percent of People with Each Score
Percentile by Number Answered
Your Score History
You have not taken this quiz since the last reset